[Event "IIFL Wealth  4th Mumbai Junior U-13"]
[Site "Mumbai"]
[Date "2019.01.06"]
[Round "8"]
[White "Vivaan Vijay Saraogi"]
[Black "Mahi Amit Doshi"]
[Result "0-1"]
[WhiteElo "1290"]
[BlackElo "1551"]
[Annotator "NA"]
[PlyCount "74"]
[EventDate "2018.12.30"]
[EventType "swiss"]
[EventCountry "IND"]
[SourceTitle "playchess.com"]
[Source "ChessBase"]
[SourceQuality "1"]
[TimeControl "40/5400+30:1800+30"]

1. e4 {[%emt 0:00:00]} c6 {[%emt 0:00:00]} 2. d4 d5 {[%emt 0:00:00]} 3. Nd2 {[%emt 0:00:00]} dxe4 {[%emt 0:00:06]} 4. Nxe4 {[%emt 0:00:00]} Bf5 {[%emt 0:00:01]} 5. Ng3 {[%emt 0:00:00]} Bg6 {[%emt 0:00:01]} 6. h4 {[%emt 0:00:00]} h6 {[%emt 0:00:01]} 7. Nh3 {[%emt 0:00:00]} Nf6 {[%emt 0:00:40]} 8. Nf4 {[%emt 0:00:00]} Bh7 {[%emt 0:00:01]} 9. Bc4 {[%emt 0:00:13]} e6 {[%emt 0:00:03]} 10. O-O {[%emt 0:00:11]} Bd6 {[%emt 0:01:33]} 11. Re1 {[%emt 0:00:08]} O-O {[%emt 0:00:21]} 12. c3 {[%emt 0:00:29]} Nd5 {[%emt 0:01:31]} 13. Bxd5 {[%emt 0:05:46]} cxd5 {[%emt 0:03:55]} 14. Qg4 {[%emt 0:01:52]} Nd7 {[%emt 0:03:31]} 15. Nxe6 {[%emt 0:00:28]} fxe6 {[%emt 0:05:11]} 16. Qxe6+ {[%emt 0:00:08]} Rf7 {[%emt 0:01:38]} 17. Qxd6 {[%emt 0:00:15]} Qxh4 {[%emt 0:00:31]} 18. Qxd5 {[%emt 0:01:13]} Nf6 {[%emt 0:01:08]} 19. Qc4 {[%emt 0:02:30]} Ng4 {[%emt 0:00:16]} 20. Be3 {[%emt 0:09:28]} Qh2+ {[%emt 0:04:58]} 21. Kf1 {[%emt 0:00:14]} Re8 {[%emt 0:21:41]} 22. Bf4 {[%emt 0:44:54]} Ref8 {[%emt 0:16:48]} 23. Rad1 {[%emt 0:20:08]} Kh8 {[%emt 0:07:18]} 24. Re8 {[%emt 0:04:33]} Rxf4 {[%emt 0:03:02]} 25. Rxf8+ {[%emt 0:00:07]} Rxf8 {[%emt 0:00:02]} 26. Rd2 {[%emt 0:00:02]} Ne3+ {[%emt 0:00:08]} 27. Ke1 {[%emt 0:00:33]} Nxc4 {[%emt 0:00:07]} 28. Re2 {[%emt 0:00:07]} Qg1+ {[%emt 0:00:08]} 29. Nf1 {[%emt 0:00:10]} Bd3 {[%emt 0:00:16]} 30. f3 {[%emt 0:00:17]} Bxe2 {[%emt 0:00:11]} 31. Kxe2 {[%emt 0:00:01]} Re8+ {[%emt 0:00:02]} 32. Kd3 {[%emt 0:00:42]} Qxf1+ {[%emt 0:00:10]} 33. Kc2 {[%emt 0:00:01]} b5 {[%emt 0:00:23]} 34. Kb3 {[%emt 0:00:14]} a5 {[%emt 0:00:01]} 35. a4 {[%emt 0:00:08]} Qd1+ {[%emt 0:00:14]} 36. Ka2 {[%emt 0:00:01]} Qxa4+ {[%emt 0:00:02]} 37. Kb1 {[%emt 0:00:02]} Re1# {[%emt 0:00:01]} 0-1

[Event "IIFL Wealth  4th Mumbai Junior U-13"]
[Site "Mumbai"]
[Date "2019.01.06"]
[Round "8"]
[White "Srivatsan Karthikeyan"]
[Black "Arjun Sidharth S"]
[Result "0-1"]
[WhiteElo "1288"]
[BlackElo "1489"]
[Annotator "NA"]
[PlyCount "132"]
[EventDate "2018.12.30"]
[EventType "swiss"]
[EventCountry "IND"]
[SourceTitle "playchess.com"]
[Source "ChessBase"]
[SourceQuality "1"]
[TimeControl "40/5400+30:1800+30"]

1. e4 {[%emt 0:00:00]} c5 {[%emt 0:00:00]} 2. Nf3 {[%emt 0:00:00]} d6 {[%emt 0:00:00]} 3. d4 {[%emt 0:00:00]} cxd4 {[%emt 0:00:04]} 4. Nxd4 {[%emt 0:00:00]} Nf6 {[%emt 0:00:13]} 5. Nc3 {[%emt 0:00:05]} a6 {[%emt 0:00:07]} 6. Be3 {[%emt 0:00:41]} e5 {[%emt 0:00:07]} 7. Nb3 {[%emt 0:00:06]} Be6 {[%emt 0:00:40]} 8. f3 {[%emt 0:01:39]} Nbd7 {[%emt 0:00:14]} 9. Qd2 {[%emt 0:00:09]} b5 {[%emt 0:00:22]} 10. O-O-O {[%emt 0:00:13]} Nb6 {[%emt 0:02:26]} 11. Qf2 {[%emt 0:03:06]} Nc4 {[%emt 0:03:41]} 12. Bxc4 {[%emt 0:01:25]} bxc4 {[%emt 0:00:12]} 13. Na5 {[%emt 0:00:08]} Qd7 {[%emt 0:02:36]} 14. Rd2 {[%emt 0:01:14]} Be7 {[%emt 0:06:49]} 15. Rhd1 {[%emt 0:00:08]} O-O {[%emt 0:02:12]} 16. Nd5 {[%emt 0:04:44]} Bxd5 {[%emt 0:01:15]} 17. exd5 {[%emt 0:00:11]} Qa4 {[%emt 0:00:20]} 18. Nc6 {[%emt 0:00:11]} Nxd5 19. Nxe7+ {[%emt 0:00:08]} Nxe7 {[%emt 0:01:37]} 20. Kb1 {[%emt 0:00:09]} Nc8 {[%emt 0:12:30]} 21. c3 {[%emt 0:00:46]} Qc6 {[%emt 0:09:52]} 22. Qg3 {[%emt 0:00:52]} f5 {[%emt 0:14:55]} 23. Bf2 {[%emt 0:03:27]} Rf6 {[%emt 0:07:09]} 24. h4 {[%emt 0:08:27]} Ne7 {[%emt 0:03:13]} 25. h5 {[%emt 0:03:00]} Rb8 {[%emt 0:02:14]} 26. Rh1 {[%emt 0:00:53]} Nd5 {[%emt 0:01:59]} 27. Rc1 {[%emt 0:02:15]} Nf4 {[%emt 0:00:24]} 28. Rcd1 {[%emt 0:00:35]} Nd3 {[%emt 0:00:36]} 29. Rxd3 {[%emt 0:00:14]} cxd3 {[%emt 0:00:10]} 30. Rxd3 {[%emt 0:00:09]} Qc4 {[%emt 0:01:26]} 31. Rd2 {[%emt 0:00:44]} Qxc3 {[%emt 0:01:02]} 32. Rc2 {[%emt 0:00:37]} Qd3 {[%emt 0:00:27]} 33. Be1 {[%emt 0:02:16]} Rff8 {[%emt 0:02:52]} 34. h6 {[%emt 0:00:21]} g6 {[%emt 0:00:25]} 35. Kc1 {[%emt 0:00:25]} Rfc8 {[%emt 0:00:35]} 36. Bc3 {[%emt 0:00:08]} Qe3+ {[%emt 0:00:39]} 37. Bd2 {[%emt 0:00:54]} Rxc2+ {[%emt 0:00:58]} 38. Kxc2 {[%emt 0:00:12]} Rc8+ {[%emt 0:00:12]} 39. Kd1 {[%emt 0:00:15]} Qd3 {[%emt 0:00:09]} 40. Ke1 {[%emt 0:00:00]} Qb1+ {[%emt 0:00:00]} 41. Ke2 {[%emt 0:01:02]} Qxa2 {[%emt 0:01:29]} 42. Qg5 {[%emt 0:00:09]} Kf7 {[%emt 0:01:31]} 43. Qe3 {[%emt 0:00:58]} Qc4+ {[%emt 0:00:16]} 44. Ke1 {[%emt 0:01:39]} Qh4+ {[%emt 0:01:21]} 45. Ke2 {[%emt 0:00:09]} Qc4+ {[%emt 0:00:53]} 46. Ke1 {[%emt 0:00:07]} Qc5 {[%emt 0:01:11]} 47. Qb3+ {[%emt 0:00:08]} Qc4 {[%emt 0:02:36]} 48. Qe3 {[%emt 0:01:29]} Qh4+ {[%emt 0:01:06]} 49. Ke2 {[%emt 0:00:06]} Qd4 {[%emt 0:00:06]} 50. Qb3+ {[%emt 0:00:16]} Qc4+ {[%emt 0:00:10]} 51. Qxc4+ {[%emt 0:00:15]} Rxc4 {[%emt 0:00:01]} 52. Bc3 {[%emt 0:00:22]} Rxc3 {[%emt 0:00:09]} 53. bxc3 {[%emt 0:00:08]} Ke6 {[%emt 0:00:07]} 54. Kd3 {[%emt 0:00:07]} Kd5 {[%emt 0:00:06]} 55. c4+ {[%emt 0:00:42]} Kc5 {[%emt 0:00:10]} 56. Kc3 {[%emt 0:00:04]} a5 {[%emt 0:00:11]} 57. g4 {[%emt 0:00:10]} fxg4 {[%emt 0:00:04]} 58. fxg4 {[%emt 0:00:05]} e4 {[%emt 0:00:06]} 59. g5 {[%emt 0:00:09]} a4 {[%emt 0:00:03]} 60. Kc2 {[%emt 0:00:07]} Kxc4 {[%emt 0:00:08]} 61. Kb2 {[%emt 0:01:07]} e3 {[%emt 0:00:41]} 62. Ka2 {[%emt 0:00:18]} e2 {[%emt 0:00:10]} 63. Kb2 {[%emt 0:00:06]} e1=Q {[%emt 0:00:04]} 64. Ka2 {[%emt 0:00:09]} Qd2+ {[%emt 0:00:04]} 65. Kb1 {[%emt 0:00:08]} a3 {[%emt 0:00:03]} 66. Ka1 {[%emt 0:00:05]} Qb2# {[%emt 0:00:10]} 0-1

[Event "IIFL Wealth  4th Mumbai Junior U-13"]
[Site "Mumbai"]
[Date "2019.01.06"]
[Round "8"]
[White "Vishal Shewale"]
[Black "Rajbeer Ahmed"]
[Result "1-0"]
[WhiteElo "1287"]
[BlackElo "1550"]
[Annotator "NA"]
[PlyCount "87"]
[EventDate "2018.12.30"]
[EventType "swiss"]
[EventCountry "IND"]
[SourceTitle "playchess.com"]
[Source "ChessBase"]
[SourceQuality "1"]
[TimeControl "40/5400+30:1800+30"]

1. e4 {[%emt 0:00:00]} c5 {[%emt 0:00:00]} 2. Nc3 {[%emt 0:00:31]} Nc6 {[%emt 0:00:00]} 3. Bb5 {[%emt 0:00:07]} e6 {[%emt 0:00:53]} 4. Bxc6 {[%emt 0:00:32]} bxc6 {[%emt 0:00:12]} 5. d3 {[%emt 0:00:26]} d5 {[%emt 0:02:28]} 6. f4 {[%emt 0:00:34]} Nf6 {[%emt 0:09:17]} 7. e5 {[%emt 0:08:46]} Nd7 {[%emt 0:00:32]} 8. Nf3 {[%emt 0:01:15]} Qb6 {[%emt 0:01:32]} 9. b3 {[%emt 0:10:03]} Ba6 {[%emt 0:09:50]} 10. Na4 {[%emt 0:00:24]} Qc7 {[%emt 0:00:26]} 11. c4 {[%emt 0:01:44]} Nb6 {[%emt 0:01:41]} 12. Nc3 {[%emt 0:00:24]} Rd8 {[%emt 0:07:56]} 13. Qe2 {[%emt 0:00:51]} Nd7 {[%emt 0:07:33]} 14. O-O {[%emt 0:05:43]} Be7 {[%emt 0:06:09]} 15. Qf2 {[%emt 0:08:17]} Nf8 {[%emt 0:06:50]} 16. Na4 {[%emt 0:00:41]} d4 {[%emt 0:03:13]} 17. Nd2 {[%emt 0:06:42]} Nd7 {[%emt 0:04:29]} 18. Ne4 {[%emt 0:00:49]} g6 {[%emt 0:08:17]} 19. Ba3 {[%emt 0:02:08]} Qa5 {[%emt 0:01:01]} 20. Qe1 {[%emt 0:00:42]} Qxe1 {[%emt 0:00:32]} 21. Raxe1 {[%emt 0:00:07]} g5 {[%emt 0:01:12]} 22. Nxg5 {[%emt 0:02:08]} Bxg5 {[%emt 0:03:11]} 23. fxg5 {[%emt 0:00:46]} Rg8 {[%emt 0:00:12]} 24. h4 {[%emt 0:00:11]} h6 {[%emt 0:00:34]} 25. gxh6 {[%emt 0:00:36]} Rg6 {[%emt 0:00:11]} 26. Nxc5 {[%emt 0:00:13]} Nxc5 {[%emt 0:00:48]} 27. Bxc5 {[%emt 0:00:09]} Rxh6 {[%emt 0:00:05]} 28. Re4 {[%emt 0:00:17]} Rd7 {[%emt 0:01:01]} 29. Rg4 {[%emt 0:01:22]} Rh8 {[%emt 0:00:38]} 30. Rf6 {[%emt 0:00:22]} Rd8 {[%emt 0:02:11]} 31. Rg7 {[%emt 0:00:30]} Rd7 {[%emt 0:00:20]} 32. h5 {[%emt 0:00:30]} Kd8 {[%emt 0:01:45]} 33. Bd6 {[%emt 0:01:51]} Kc8 {[%emt 0:02:07]} 34. h6 {[%emt 0:00:10]} c5 {[%emt 0:01:06]} 35. h7 {[%emt 0:00:11]} Kb7 {[%emt 0:00:36]} 36. Rh6 {[%emt 0:00:32]} Kc6 {[%emt 0:00:29]} 37. Rg8 {[%emt 0:00:17]} Rd8 {[%emt 0:00:06]} 38. Rxd8 {[%emt 0:00:11]} Rxd8 {[%emt 0:00:12]} 39. h8=Q {[%emt 0:00:07]} Rg8 {[%emt 0:01:34]} 40. Qxg8 {[%emt 0:00:00]} Bc8 {[%emt 0:00:00]} 41. Qxc8+ {[%emt 0:00:27]} Kb6 {[%emt 0:00:06]} 42. Bxc5+ {[%emt 0:00:31]} Ka5 {[%emt 0:00:09]} 43. Qc7+ {[%emt 0:00:08]} Ka6 {[%emt 0:00:04]} 44. Qxa7# {[%emt 0:00:06]} 1-0

[Event "IIFL Wealth  4th Mumbai Junior U-13"]
[Site "Mumbai"]
[Date "2019.01.06"]
[Round "8"]
[White "Keshav Padmanabhan"]
[Black "Rushyendra Chowdary Kantipudi"]
[Result "0-1"]
[WhiteElo "1272"]
[BlackElo "1527"]
[Annotator "NA"]
[PlyCount "64"]
[EventDate "2018.12.30"]
[EventType "swiss"]
[EventCountry "IND"]
[SourceTitle "playchess.com"]
[Source "ChessBase"]
[SourceQuality "1"]
[TimeControl "40/5400+30:1800+30"]

1. e4 {[%emt 0:00:00]} c5 {[%emt 0:00:00]} 2. Nc3 {[%emt 0:00:00]} Nc6 {[%emt 0:00:22]} 3. g3 {[%emt 0:00:00]} e6 {[%emt 0:00:11]} 4. Bg2 {[%emt 0:00:05]} Nge7 {[%emt 0:00:08]} 5. d3 {[%emt 0:00:10]} g6 {[%emt 0:00:39]} 6. Be3 {[%emt 0:00:13]} d6 {[%emt 0:09:57]} 7. f4 {[%emt 0:00:22]} Bg7 {[%emt 0:00:07]} 8. Nf3 {[%emt 0:00:19]} O-O {[%emt 0:02:25]} 9. O-O {[%emt 0:00:16]} b6 {[%emt 0:00:08]} 10. Rb1 {[%emt 0:00:40]} Bb7 {[%emt 0:00:08]} 11. Qd2 {[%emt 0:00:51]} d5 {[%emt 0:00:29]} 12. exd5 {[%emt 0:19:39]} exd5 {[%emt 0:01:26]} 13. Bf2 {[%emt 0:02:37]} Nf5 {[%emt 0:07:07]} 14. g4 {[%emt 0:03:02]} Nfd4 {[%emt 0:06:09]} 15. Nxd5 {[%emt 0:21:43]} Qd7 {[%emt 0:12:02]} 16. Ne3 {[%emt 0:17:09]} Nxf3+ {[%emt 0:00:06]} 17. Bxf3 {[%emt 0:02:49]} Nd4 {[%emt 0:00:09]} 18. Bd1 {[%emt 0:13:38]} Qc6 {[%emt 0:00:09]} 19. Bg3 {[%emt 0:00:14]} Rfe8 {[%emt 0:01:53]} 20. Qg2 {[%emt 0:08:14]} Rxe3 {[%emt 0:01:09]} 21. Qxc6 {[%emt 0:01:36]} Bxc6 {[%emt 0:00:07]} 22. c3 {[%emt 0:00:14]} Ne2+ {[%emt 0:00:40]} 23. Kf2 {[%emt 0:01:13]} Rae8 {[%emt 0:00:24]} 24. Ke1 {[%emt 0:04:35]} Nxg3+ {[%emt 0:00:33]} 25. Kd2 {[%emt 0:00:10]} Nxf1+ {[%emt 0:00:06]} 26. Kc2 {[%emt 0:00:12]} Re1 {[%emt 0:00:11]} 27. Kb3 {[%emt 0:00:38]} Nd2+ {[%emt 0:00:07]} 28. Kc2 {[%emt 0:00:08]} Nxb1 {[%emt 0:00:05]} 29. Kxb1 R8e2 {[%emt 0:00:28]} 30. a3 {[%emt 0:00:36]} Rxd1+ {[%emt 0:00:12]} 31. Ka2 {[%emt 0:00:02]} Bd5+ {[%emt 0:00:27]} 32. c4 {[%emt 0:00:05]} Rxb2# {[%emt 0:00:04]} 0-1

[Event "IIFL Wealth  4th Mumbai Junior U-13"]
[Site "Mumbai"]
[Date "2019.01.06"]
[Round "8"]
[White "Sushanth Kamabathula"]
[Black "Ratnapriya K"]
[Result "1/2-1/2"]
[WhiteElo "1267"]
[BlackElo "1516"]
[Annotator "NA"]
[PlyCount "120"]
[EventDate "2018.12.30"]
[EventType "swiss"]
[EventCountry "IND"]
[SourceTitle "playchess.com"]
[Source "ChessBase"]
[SourceQuality "1"]
[TimeControl "40/5400+30:1800+30"]

1. e4 {[%emt 0:00:00]} e5 {[%emt 0:00:00]} 2. Nf3 {[%emt 0:00:55]} Nc6 {[%emt 0:00:00]} 3. Bc4 {[%emt 0:00:11]} Nf6 {[%emt 0:00:00]} 4. d3 {[%emt 0:00:10]} Be7 {[%emt 0:00:04]} 5. O-O {[%emt 0:00:08]} O-O {[%emt 0:00:08]} 6. c3 {[%emt 0:00:33]} d5 {[%emt 0:00:07]} 7. exd5 {[%emt 0:14:24]} Nxd5 {[%emt 0:00:28]} 8. Be3 {[%emt 0:01:25]} Bg4 {[%emt 0:02:35]} 9. Nbd2 {[%emt 0:01:52]} Kh8 {[%emt 0:05:14]} 10. Bxd5 {[%emt 0:04:46]} Qxd5 {[%emt 0:00:20]} 11. Qb3 {[%emt 0:30:46]} Qxb3 {[%emt 0:01:06]} 12. axb3 {[%emt 0:00:19]} f5 {[%emt 0:00:56]} 13. b4 {[%emt 0:04:15]} f4 {[%emt 0:04:18]} 14. Bc5 {[%emt 0:00:32]} Bxc5 {[%emt 0:00:13]} 15. bxc5 {[%emt 0:00:14]} Rad8 {[%emt 0:00:08]} 16. d4 {[%emt 0:00:18]} exd4 {[%emt 0:06:24]} 17. cxd4 {[%emt 0:00:11]} a6 {[%emt 0:00:32]} 18. h3 {[%emt 0:01:50]} Bxf3 {[%emt 0:00:25]} 19. Nxf3 {[%emt 0:00:01]} Nxd4 {[%emt 0:00:23]} 20. Nxd4 {[%emt 0:02:46]} Rxd4 {[%emt 0:00:11]} 21. Rfd1 {[%emt 0:00:06]} Rc4 {[%emt 0:01:29]} 22. Rac1 {[%emt 0:00:32]} Rxc1 {[%emt 0:01:27]} 23. Rxc1 {[%emt 0:00:09]} Rf5 {[%emt 0:00:46]} 24. c6 Rb5 {[%emt 0:03:18]} 25. cxb7 {[%emt 0:03:24]} Rxb7 {[%emt 0:01:24]} 26. Rc6 {[%emt 0:00:08]} a5 {[%emt 0:02:37]} 27. Ra6 {[%emt 0:00:08]} h6 {[%emt 0:00:11]} 28. Rxa5 {[%emt 0:00:09]} Rxb2 {[%emt 0:00:17]} 29. Rc5 {[%emt 0:00:10]} Rb1+ {[%emt 0:05:54]} 30. Kh2 {[%emt 0:00:09]} Rf1 {[%emt 0:00:28]} 31. f3 {[%emt 0:00:23]} Kg8 {[%emt 0:01:38]} 32. Rxc7 {[%emt 0:00:13]} Rd1 {[%emt 0:02:43]} 33. h4 {[%emt 0:00:26]} Rd4 {[%emt 0:01:52]} 34. Kg1 {[%emt 0:09:36]} Rd1+ {[%emt 0:00:46]} 35. Kh2 {[%emt 0:00:06]} Rd4 {[%emt 0:00:22]} 36. Kg1 {[%emt 0:00:02]} Kh7 {[%emt 0:00:31]} 37. Rc6 {[%emt 0:00:11]} Rd5 {[%emt 0:01:23]} 38. Rc4 {[%emt 0:00:24]} Rf5 {[%emt 0:00:41]} 39. Kf2 {[%emt 0:00:08]} Kg6 {[%emt 0:00:41]} 40. g4 {[%emt 0:00:00]} fxg3+ {[%emt 0:00:00]} 41. Kxg3 {[%emt 0:01:48]} Kh5 {[%emt 0:01:35]} 42. Rg4 {[%emt 0:00:25]} g6 {[%emt 0:00:15]} 43. Kg2 {[%emt 0:00:27]} Rb5 {[%emt 0:02:05]} 44. Kg3 {[%emt 0:00:26]} Rb1 {[%emt 0:00:30]} 45. Kg2 {[%emt 0:00:16]} Rb2+ {[%emt 0:00:09]} 46. Kg3 {[%emt 0:00:06]} Rb5 {[%emt 0:04:16]} 47. Re4 {[%emt 0:01:09]} Rd5 {[%emt 0:01:07]} 48. Rc4 {[%emt 0:00:17]} Ra5 {[%emt 0:01:48]} 49. Rd4 {[%emt 0:00:06]} Rc5 {[%emt 0:00:13]} 50. Rb4 {[%emt 0:00:07]} Ra5 {[%emt 0:00:14]} 51. Rd4 {[%emt 0:00:06]} Rb5 {[%emt 0:02:15]} 52. Rd6 {[%emt 0:00:25]} Ra5 {[%emt 0:00:40]} 53. Rb6 {[%emt 0:00:26]} Rc5 {[%emt 0:00:23]} 54. Rd6 {[%emt 0:00:08]} Rb5 {[%emt 0:00:12]} 55. Rc6 {[%emt 0:00:24]} Ra5 {[%emt 0:00:30]} 56. Rb6 {[%emt 0:00:28]} Rc5 {[%emt 0:00:11]} 57. Rd6 {[%emt 0:00:06]} Ra5 {[%emt 0:00:12]} 58. Rb6 {[%emt 0:00:07]} Rc5 {[%emt 0:00:11]} 59. Rd6 {[%emt 0:00:12]} Ra5 {[%emt 0:00:11]} 60. Rb6 {[%emt 0:00:13]} Rc5 {[%emt 0:00:39]} 1/2-1/2

[Event "IIFL Wealth  4th Mumbai Junior U-13"]
[Site "Mumbai"]
[Date "2019.01.06"]
[Round "8"]
[White "Rout Yashita"]
[Black "Balkawade Om"]
[Result "1-0"]
[WhiteElo "1264"]
[BlackElo "1157"]
[Annotator "NA"]
[PlyCount "121"]
[EventDate "2018.12.30"]
[EventType "swiss"]
[EventCountry "IND"]
[SourceTitle "playchess.com"]
[Source "ChessBase"]
[SourceQuality "1"]
[TimeControl "40/5400+30:1800+30"]

1. e4 {[%emt 0:00:42]} e6 {[%emt 0:00:00]} 2. d4 {[%emt 0:00:17]} d5 {[%emt 0:00:00]} 3. Nc3 {[%emt 0:00:11]} Nf6 {[%emt 0:00:00]} 4. Bg5 {[%emt 0:01:17]} Be7 {[%emt 0:00:07]} 5. e5 {[%emt 0:00:40]} Nfd7 {[%emt 0:00:07]} 6. Bxe7 {[%emt 0:00:44]} Qxe7 {[%emt 0:00:10]} 7. f4 {[%emt 0:01:00]} a6 {[%emt 0:00:26]} 8. Nf3 {[%emt 0:00:45]} c5 {[%emt 0:00:21]} 9. Be2 {[%emt 0:01:01]} Nc6 {[%emt 0:00:33]} 10. Qd2 {[%emt 0:01:04]} Nb6 {[%emt 0:04:14]} 11. Rd1 {[%emt 0:05:24]} Bd7 {[%emt 0:05:27]} 12. O-O {[%emt 0:07:19]} c4 {[%emt 0:08:32]} 13. Kh1 {[%emt 0:03:01]} O-O-O {[%emt 0:03:52]} 14. a3 {[%emt 0:11:24]} Rdg8 {[%emt 0:01:16]} 15. Qe1 {[%emt 0:01:14]} h6 {[%emt 0:01:30]} 16. Qf2 {[%emt 0:08:44]} f6 {[%emt 0:04:22]} 17. exf6 {[%emt 0:06:44]} gxf6 {[%emt 0:01:12]} 18. Rde1 {[%emt 0:00:36]} Qg7 {[%emt 0:10:20]} 19. Rg1 {[%emt 0:02:41]} f5 {[%emt 0:10:14]} 20. Ne5 {[%emt 0:07:52]} Nxe5 {[%emt 0:00:49]} 21. dxe5 {[%emt 0:00:14]} Na8 {[%emt 0:05:29]} 22. b3 {[%emt 0:01:11]} cxb3 {[%emt 0:01:22]} 23. cxb3 {[%emt 0:00:07]} Kb8 {[%emt 0:00:54]} 24. b4 {[%emt 0:01:32]} Rc8 {[%emt 0:05:41]} 25. Rc1 {[%emt 0:00:38]} Rhd8 {[%emt 0:06:48]} 26. Qd4 {[%emt 0:01:04]} Nc7 {[%emt 0:06:00]} 27. a4 {[%emt 0:01:07]} Qf8 {[%emt 0:01:17]} 28. b5 {[%emt 0:08:32]} a5 {[%emt 0:03:49]} 29. Rb1 {[%emt 0:01:57]} Na8 {[%emt 0:01:04]} 30. Rgc1 {[%emt 0:03:05]} Qc5 {[%emt 0:03:22]} 31. Qd2 {[%emt 0:00:13]} Qb6 {[%emt 0:01:49]} 32. h3 {[%emt 0:07:09]} Rc7 {[%emt 0:01:43]} 33. Rg1 {[%emt 0:02:40]} Rdc8 {[%emt 0:01:04]} 34. Rbc1 {[%emt 0:00:07]} Qc5 {[%emt 0:06:22]} 35. Na2 {[%emt 0:01:51]} Qb6 {[%emt 0:00:27]} 36. Rxc7 {[%emt 0:00:38]} Rxc7 {[%emt 0:00:29]} 37. g4 {[%emt 0:00:29]} Rc5 {[%emt 0:01:27]} 38. gxf5 {[%emt 0:01:00]} exf5 {[%emt 0:00:38]} 39. Nc1 {[%emt 0:01:16]} Qc7 {[%emt 0:03:27]} 40. Nb3 {[%emt 0:00:00]} Rc2 {[%emt 0:00:00]} 41. Qe1 {[%emt 0:02:27]} Rc3 {[%emt 0:03:06]} 42. Rg3 {[%emt 0:00:52]} d4 {[%emt 0:02:10]} 43. Rxc3 {[%emt 0:02:49]} dxc3 {[%emt 0:01:12]} 44. Bd3 {[%emt 0:00:42]} Be6 {[%emt 0:04:47]} 45. Nd4 {[%emt 0:00:37]} Bd5+ {[%emt 0:04:05]} 46. Kh2 {[%emt 0:00:30]} Qg7 {[%emt 0:02:29]} 47. Qf2 {[%emt 0:00:14]} Nc7 {[%emt 0:06:13]} 48. Nxf5 {[%emt 0:01:38]} Qf8 {[%emt 0:01:17]} 49. Nd6 {[%emt 0:01:58]} Qg7 {[%emt 0:02:19]} 50. b6 {[%emt 0:07:46]} Ne6 {[%emt 0:00:52]} 51. Be4 {[%emt 0:01:05]} Bxe4 {[%emt 0:01:53]} 52. Nxe4 {[%emt 0:00:08]} c2 {[%emt 0:01:12]} 53. Qd2 {[%emt 0:01:38]} Ka8 {[%emt 0:03:57]} 54. Qxc2 {[%emt 0:00:45]} Qf8 {[%emt 0:00:48]} 55. Qd2 {[%emt 0:00:38]} Qxf4+ {[%emt 0:01:45]} 56. Qxf4 {[%emt 0:00:05]} Nxf4 {[%emt 0:00:06]} 57. Kg3 {[%emt 0:00:22]} Ne6 {[%emt 0:01:30]} 58. Kg4 {[%emt 0:00:08]} Kb8 {[%emt 0:00:34]} 59. Kf5 {[%emt 0:00:48]} Nd4+ {[%emt 0:00:13]} 60. Kg6 {[%emt 0:00:07]} Kc8 {[%emt 0:00:17]} 61. Nc5 {[%emt 0:00:11]} 1-0

[Event "IIFL Wealth  4th Mumbai Junior U-13"]
[Site "Mumbai"]
[Date "2019.01.06"]
[Round "8"]
[White "Tambe Shardul"]
[Black "Marium Fatima"]
[Result "1-0"]
[WhiteElo "1250"]
[BlackElo "1494"]
[Annotator "NA RC"]
[PlyCount "120"]
[EventDate "2018.12.30"]
[EventType "swiss"]
[EventCountry "IND"]
[SourceTitle "playchess.com"]
[Source "ChessBase"]
[SourceQuality "1"]
[TimeControl "40/5400+30:1800+30"]

1. d4 {[%emt 0:00:00]} Nf6 {[%emt 0:00:00]} 2. c4 {[%emt 0:00:00]} e6 {[%emt 0:00:00]} 3. Nc3 {[%emt 0:00:00]} d5 {[%emt 0:00:00]} 4. Bg5 {[%emt 0:00:00]} Be7 {[%emt 0:00:00]} 5. Nf3 {[%emt 0:00:00]} b6 {[%emt 0:01:31]} 6. cxd5 {[%emt 0:00:59]} Nxd5 {[%emt 0:00:27]} 7. Nxd5 {[%emt 0:02:41]} exd5 {[%emt 0:02:23]} 8. Bxe7 {[%emt 0:03:49]} Qxe7 {[%emt 0:00:10]} 9. a3 {[%emt 0:00:13]} O-O {[%emt 0:02:28]} 10. e3 {[%emt 0:02:02]} Bg4 {[%emt 0:00:40]} 11. Be2 {[%emt 0:00:45]} Nd7 {[%emt 0:01:56]} 12. Rc1 {[%emt 0:02:27]} Qd6 {[%emt 0:06:41]} 13. Qc2 {[%emt 0:01:17]} Bxf3 {[%emt 0:00:38]} 14. Bxf3 {[%emt 0:00:51]} c5 {[%emt 0:05:50]} 15. dxc5 {[%emt 0:06:05]} bxc5 {[%emt 0:01:41]} 16. Rd1 {[%emt 0:02:34]} Nb6 {[%emt 0:02:43]} 17. O-O {[%emt 0:00:47]} Rad8 {[%emt 0:01:18]} 18. Rd2 {[%emt 0:20:55]} Rfe8 {[%emt 0:06:56]} 19. Rc1 {[%emt 0:16:16]} c4 {[%emt 0:04:02]} 20. Rd4 {[%emt 0:00:24]} Qe5 {[%emt 0:04:29]} 21. Rcd1 {[%emt 0:05:34]} Rd6 {[%emt 0:02:30]} 22. g3 {[%emt 0:04:49]} Ree6 {[%emt 0:07:23]} 23. Qd2 {[%emt 0:06:31]} h6 {[%emt 0:06:35]} 24. Qa5 {[%emt 0:09:55]} Rf6 {[%emt 0:03:39]} 25. Bg2 {[%emt 0:01:01]} Qf5 {[%emt 0:03:16]} 26. Qd2 {[%emt 0:02:03]} Rd7 {[%emt 0:06:15]} 27. e4 {[%emt 0:06:44]} Qe5 {[%emt 0:04:25]} 28. exd5 {[%emt 0:01:04]} Rfd6 {[%emt 0:01:14]} 29. Re1 {[%emt 0:01:05]} Qf6 {[%emt 0:01:03]} 30. Re8+ {[%emt 0:00:40]} Kh7 {[%emt 0:00:09]} 31. Rf4 {[%emt 0:00:24]} Qg5 {[%emt 0:01:13]} 32. Qc2+ {[%emt 0:02:09]} f5 {[%emt 0:01:38]} 33. Rxf5 {[%emt 0:01:00]} Qg6 {[%emt 0:00:33]} 34. Be4 {[%emt 0:01:16]} Qxe8 {[%emt 0:00:49]} 35. Rf8+ {[%emt 0:00:01]} Qg6 {[%emt 0:00:23]} 36. Bxg6+ {[%emt 0:00:16]} Rxg6 {[%emt 0:00:07]} 37. Rh8+ {[%emt 0:00:06]} Kxh8 {[%emt 0:00:14]} 38. Qxg6 {[%emt 0:00:06]} Rxd5 {[%emt 0:00:08]} 39. Kf1 {[%emt 0:01:08]} Rd8 {[%emt 0:01:33]} 40. Qf7 {[%emt 0:00:00]} Rd7 {[%emt 0:00:00]} 41. Qe8+ {[%emt 0:03:27]} Kh7 {[%emt 0:00:21]} 42. Qe4+ {[%emt 0:00:14]} Kh8 {[%emt 0:00:20]} 43. Ke1 {[%emt 0:01:41]} Rd5 44. f4 {[%emt 0:01:21]} Rd8 {[%emt 0:03:57]} 45. g4 {[%emt 0:06:53]} Rf8 {[%emt 0:01:38]} 46. g5 {[%emt 0:00:55]} hxg5 {[%emt 0:02:50]} 47. fxg5 {[%emt 0:00:03]} Rc8 {[%emt 0:01:10]} 48. g6 {[%emt 0:02:56]} Kg8 {[%emt 0:01:15]} 49. Qe6+ {[%emt 0:00:11]} Kh8 {[%emt 0:00:11]} 50. Qh3+ {[%emt 0:00:03]} Kg8 {[%emt 0:00:15]} 51. Qh7+ {[%emt 0:00:10]} Kf8 {[%emt 0:00:03]} 52. Qh8+ {[%emt 0:00:05]} Ke7 {[%emt 0:00:04]} 53. Qxg7+ {[%emt 0:00:05]} Kd6 {[%emt 0:00:15]} 54. Qf6+ {[%emt 0:00:24]} Kd7 {[%emt 0:00:07]} 55. Qf7+ {[%emt 0:00:09]} Kd6 {[%emt 0:00:17]} 56. g7 {[%emt 0:00:06]} Rc7 {[%emt 0:00:27]} 57. Qf6+ {[%emt 0:00:29]} Kd5 {[%emt 0:00:13]} 58. g8=Q+ {[%emt 0:00:29]} Kc5 {[%emt 0:00:04]} 59. Qe5+ {[%emt 0:00:46]} Kc6 {[%emt 0:00:12]} 60. Qe4+ {[%emt 0:00:25]} Kc5 {[%emt 0:00:18]} 1-0